000 nam a22 7a 4500
999 _c128531
_d128531
008 181109b xxu||||| |||| 00| 0 eng d
050 _aBT695.W256
100 _aWard, Barbara
_94454
245 _aAnew creation?:
_breflection on the environmental issue
_c/by Barbara Ward
260 _aVatican city:
_bJustice and peace,
_c1973.
300 _a70p.;
_c22cm.
440 _aJustice in the world
_nno.5
_943325
650 _aEcology
_943326
942 _2lcc
_cMONOGRAPH